000 00542nam a2200193Ia 4500
005 20250326144844.0
008 250326s9999 xx 000 0 und d
020 _a0-471-49963-3
037 _aTextbook
040 _aFMSL
_beng
_cFMSL
041 _aeng
_2eng
084 _aX:74:8 P1
_qFMSL
100 _aKermally S
_9750206
245 0 _aEnergy : unteashing knowledge for competitive advantage
_cKermally S
260 _aNY
_bNY, John Willey
_c2001
300 _a282p
942 _cTB
_hX:74:8 P1
999 _c1305330
_d1305330